000 00629nam a2200217Ia 4500
003 OSt
005 20220930185901.0
006 a|||||r|||| 00| 0
007 ta
008 220926b |||||||| |||| 00| 0 san d
024 _a17,260
037 _cGeneral Books
040 _aCRL
_cCRL
_bsan
041 _2san
_asan
082 _a12:315:N16, 15E6.1,1 (BB)
245 0 _aDescriptive catalogue of the Government collections of manuscripts V1.
260 _aPoona
_bDeccan College
_c1916
650 _aBIBLIOGRAPHY
942 _h12:315:N16, 15E6.1,1 (BB)
_cGB
_2CC
999 _c891150
_d891150